01442pam a2200373 a 4500999001700000001001000017003000900027005001700036008004100053020002500094020002200119040004500141082002000186100003700206245017500243250002700418264005100445264001100496300004500507336002600552337002800578338002700606500002200633504005100655650002700706650005400733650003400787653002000821655002400841700003000865700003100895942001200926952013000938 c29135d29106014903244EG-ScBUE20210531152514.0081218t2010 njua f b 001 0 eng d a9780131364899 (pbk.) a0131364898 (pbk.) aStDuBDSbengerdacStDuBDSdUkdEG-ScBUE04a025.04bCRO2221 aCroft, W. Bruce,eauthor.93698110aSearch engines :binformation retrieval in practice /cW. Bruce Croft, University of Massachusetts, Amherst, Donald Metzler, Yahoo! research, Trevor Strohman, Google Inc. aInternational edition. 1aNew Jersey :bPearson Education, Inc.,c[2010] 4cc2010. axxv, 524 pages :billustrations ;c24 cm atext2rdacontentbtxt aunmediated2rdamediabn avolume2rdacarrierbnc aFormerly CIP.5Uk aIncludes bibliographical references and index. 7aSearch engines.2BUEsh 7aInformation storage and retrieval systems.2BUEsh 7aInformation retrieval.2BUEsh bCOMSCIcMay2021 vReading book9342321 aMetzler, Donald,eauthor.1 aStrohman, Trevor,eauthor. 2ddccBB 00102ddc40708BaccahaMAINbMAINcLOWd2021-05-31ePurchasel0o025.04 CROp000050266r2025-07-15 00:00:00w2021-05-31yBB